书目信息 |
| 书名: | Number = | |
| 作者: | Greville G. Corbett | |
| 分册号: | ||
| 分册名: | 出版地: | Beijing : |
|
| 出版社: | Peking University Press | |
| 出版时间: | 2005. | |
| 页数: | xx, 358 p. : | |
| 开本: | 24 cm. | |
| 丛书名: | 语言学范畴研究丛书 | |
| 中图分类号: | ||
| 科图分类号: | ||
| 其他分类号: | H04 | |
| 主题词: | ||
| 电子资源: | ||
| 000 | 01264nam 2200349 a 4500 | |
| 001 | E0737739002 | |
| 004 | 001192443 | |
| 004 | 001192443 | |
| 005 | 20070702103116.14 | |
| 008 | 001 0 eng | |
| 008 | 4001uueng0000000 | |
| 008 | 4001uueng0000000 | |
| 020 | @a7301080042 :@cCNY40.00. | |
| 040 | @aCcBjTSG @bchi | |
| 041 | @aeng@bchi | |
| 050 | 00 | @aP240.8 @b.C67 2000 |
| 082 | 00 | @a415 @221 |
| 090 | @aH04 | |
| 099 | @dH04@ex102 | |
| 100 | 1 | @aCorbett, Greville G. |
| 245 | 10 | @aNumber = :@b数量范畴 / @cGreville G. Corbett |
| 246 | 31 | @a数量范畴 |
| 250 | @a影印版. | |
| 260 | @aBeijing :@bPeking University Press,@c2005. | |
| 300 | @axx, 358 p. :@bill. ;@c24 cm. | |
| 440 | 0 | @a语言学范畴研究丛书 |
| 504 | @aIncludes bibliographical references (p. 299-342) and indexes. | |
| 534 | @pReprint. Originally published: @cCambridge : Cambridge University Press, 2000. | |
| 650 | 0 | @aGrammar, Comparative and general @xNumber. @b01 @c20050705 @lNLC09 @h1641 @b40 @c20050709 @lNLC09 @h1148 @b40 @c20050709 @lNLC09 @h1151 @b40 @c20050709 @lNLC09 @h1151 @b40 @c20050709 @lNLC09 @h1152 @b40 @c20050719 @lNLC09 @h1551 |
| 700 | @aCorbett,Greville G. | |
| 852 | 0 | @bWWDY @k2-2005 @hH04 @iC789 |
| 852 | 0 | @bWWJC @cJ09 @k2-2005 @hH04 @iC789 |
| Number = : : 数量范畴 / / Greville G. Corbett.-影印版.-Beijing : : Peking University Press, , 2005. |
| xx, 358 p. : : ill. ; ; 24 cm.- (语言学范畴研究丛书 ) |
| Includes bibliographical references (p. 299-342) and indexes. |
| ISBN 7301080042 :CNY40.00. |
| ● |
| 相关链接 |
|
|
|
|
正题名:Number =
索取号:H04/x102
 
预约/预借
| 序号 | 登录号 | 条形码 | 馆藏地/架位号 | 状态 | 备注 |
| 1 | 11909 | 300119093 | 第二样本阅览室/ [索取号:H04/x102] | 在馆 | |
| 2 | 11910 | 300119100 | 第四借阅区/ [索取号:H04/x102] | 在馆 | |
| 3 | 11911 | 300119119 | 第四借阅区/ [索取号:H04/x102] | 在馆 | |
| 4 | 11912 | 300119128 | 第四借阅区/ [索取号:H04/x102] | 在馆 | |
| 5 | 11913 | 300119137 | 第四借阅区/ [索取号:H04/x102] | 在馆 | |
| 6 | 11914 | 300119146 | 第四借阅区/ [索取号:H04/x102] | 在馆 | |
| 7 | 11915 | 300119155 | 第四借阅区/ [索取号:H04/x102] | 在馆 | |
| 8 | 11916 | 300119164 | 第四借阅区/ [索取号:H04/x102] | 在馆 |